|
|
|
|
| LEADER |
00000nam0a2200000 4500 |
| 001 |
269375 |
| 005 |
20231101234241.0 |
| 035 |
|
|
|a (RuTPU)RU\TPU\book\292550
|
| 090 |
|
|
|a 269375
|
| 100 |
|
|
|a 20140917d1987 k y0rusy5003 ca
|
| 101 |
0 |
|
|a rus
|
| 102 |
|
|
|a RU
|
| 105 |
|
|
|a a z 001zy
|
| 200 |
1 |
|
|a Основы системного проектирования комплексов летательных аппаратов
|f С. Ф. Матвеевский
|
| 210 |
|
|
|a Москва
|c Машиностроение
|d 1987
|
| 215 |
|
|
|a 238 с.
|c ил.
|
| 320 |
|
|
|a Библиогр.: с. 234-236 (81 назв.)
|
| 606 |
1 |
|
|a Летательные аппараты
|x Проектирование
|2 stltpush
|3 (RuTPU)RU\TPU\subj\40084
|9 59958
|
| 610 |
1 |
|
|a системные методы
|
| 610 |
1 |
|
|a технические системы
|
| 610 |
1 |
|
|a формализация
|
| 610 |
1 |
|
|a ситуационный анализ
|
| 610 |
1 |
|
|a системное проектирование
|
| 610 |
1 |
|
|a субъективные оценки
|
| 610 |
1 |
|
|a альтернативы
|
| 675 |
|
|
|a 629.73.01
|z rus
|v 3
|
| 700 |
|
1 |
|a Матвеевский
|b С. Ф.
|g Сергей Феофанович
|4 070
|
| 801 |
|
0 |
|a RU
|b RuMRKP
|c 19950417
|g psbo
|
| 801 |
|
1 |
|a RU
|b 63413507
|c 20140917
|
| 801 |
|
2 |
|a RU
|b 63413507
|c 20170301
|g RCR
|
| 942 |
|
|
|c BK
|